000
00350nam a2200157Ia 4500
005
20250423101357.0
008
250422s9999 xx 000 0 und d
020
_a
671- 78481- 1
050
_a
PR6005.H66P28
100
_a
Agatha Christie
245
4
_a
The pale horse
260
_b
Pocket book
260
_c
1961
300
_a
210 p
942
_c
BK
999
_c
36131
_d
36131